[Event "Dyfed op 44th"]
[Site "Fishguard"]
[Date "2015.02.22"]
[Round "4"]
[White "Reid, Vanessa"]
[Black "Brown, Thomas"]
[Result "0-1"]
[WhiteElo "1828"]
[BlackElo "2072"]
[PlyCount "76"]
[EventDate "2015.02.20"]
[EventType "swiss"]
[EventRounds "5"]
[EventCountry "WLS"]
[SourceTitle "EXT 2018"]
[Source "ChessBase"]
[SourceDate "2017.10.13"]
[SourceVersion "1"]
[SourceVersionDate "2017.10.13"]
[SourceQuality "1"]

1. d4 Nf6 2. c4 g6 3. Nc3 Bg7 4. Nf3 d6 5. Bg5 0-0 6. e3 Nbd7 7. Be2 c6 8. 0-0 h6 9. Bh4 Qe8 10. Qd2 e5 11. Rfd1 e4 12. Ne1 Nh7 13. Bg3 Qe7 14. d5 c5 15. Nb5 Ne5 16. f4 exf3 17. Nxf3 a6 18. Nc3 Bd7 19. Nxe5 Bxe5 20. Bxe5 Qxe5 21. Kh1 f5 22. Rf1 Kg7 23. Rae1 Rfe8 24. Bd3 Nf6 25. e4 Ng4 26. Qf4 Qxf4 27. Rxf4 g5 28. Rff1 f4 29. Nd1 b5 30. b3 Rab8 31. h3 Ne5 32. Be2 bxc4 33. Bxc4 Nxc4 34. bxc4 Rb4 35. h4 Rxc4 36. hxg5 hxg5 37. Nf2 Rc2 38. Rb1 Bb5 0-1

[Event "BCF-chT2c 1213 (4NCL) Promotion pool"]
[Site "England"]
[Date "2013.05.05"]
[Round "10.48"]
[White "Weller, Pierre"]
[Black "Reid, Vanessa"]
[Result "1/2-1/2"]
[WhiteElo "2124"]
[BlackElo "1844"]
[PlyCount "116"]
[EventDate "2012.11.13"]
[EventType "team-tourn"]
[EventRounds "4"]
[EventCountry "ENG"]
[SourceTitle "EXT 2014"]
[Source "ChessBase"]
[SourceDate "2013.11.20"]
[SourceVersion "1"]
[SourceVersionDate "2013.11.20"]
[SourceQuality "1"]
[WhiteTeam "White Rose II"]
[BlackTeam "Wessex"]
[WhiteTeamCountry "ENG"]
[BlackTeamCountry "ENG"]

1. d4 d5 2. c4 c6 3. Nf3 Nf6 4. e3 Bf5 5. Nc3 e6 6. Qb3 Qb6 7. Qxb6 axb6 8. Nh4 Bg6 9. Bd2 Bd6 10. Nxg6 hxg6 11. g3 Nbd7 12. f4 Ng4 13. Be2 Ngf6 14. 0-0 Ne4 15. Nxe4 dxe4 16. Bc3 0-0 17. Rfd1 Rfd8 18. Rd2 Be7 19. h4 Nf6 20. a3 Ne8 21. Rad1 Nc7 22. Bf1 f5 23. Be2 b5 24. cxb5 Nd5 25. Bc4 cxb5 26. Bxd5 exd5 27. Rc1 Rdc8 28. Rdc2 Rc4 29. b3 Rc6 30. Bb4 Bxb4 31. Rxc6 bxc6 32. axb4 Ra6 33. Kh2 Kf7 34. Kh3 Ke7 35. g4 Kf7 36. h5 fxg4+ 37. Kxg4 gxh5+ 38. Kxh5 Ra3 39. Rc3 Ra6 40. Kg5 Rb6 41. Kf5 Ke7 42. Kg6 c5+ 43. Kxg7 cxd4 44. exd4 Ke6 45. Kg6 Kd7+ 46. Kg5 Rc6 47. Rxc6 Kxc6 48. f5 e3 49. f6 e2 50. f7 e1Q 51. f8Q Qg1+ 52. Kh5 Qxd4 53. Qc8+ Kd6 54. Qa6+ Ke5 55. Qxb5 Qd1+ 56. Kg5 Qg1+ 57. Kh4 Qf2+ 58. Kh3 Qf3+ 1/2-1/2

[Event "BCF-chT2c 1213 (4NCL) Promotion pool"]
[Site "England"]
[Date "2013.03.24"]
[Round "8.48"]
[White "Lewis, Alex"]
[Black "Reid, Vanessa"]
[Result "1-0"]
[WhiteElo "2175"]
[BlackElo "1844"]
[PlyCount "79"]
[EventDate "2012.11.13"]
[EventType "team-tourn"]
[EventRounds "4"]
[EventCountry "ENG"]
[SourceTitle "EXT 2014"]
[Source "ChessBase"]
[SourceDate "2013.11.20"]
[SourceVersion "1"]
[SourceVersionDate "2013.11.20"]
[SourceQuality "1"]
[WhiteTeam "Kings Head"]
[BlackTeam "Wessex"]
[WhiteTeamCountry "ENG"]
[BlackTeamCountry "ENG"]

1. e4 c6 2. d3 d5 3. Nd2 dxe4 4. dxe4 Nf6 5. Ngf3 Bg4 6. Be2 Nbd7 7. h3 Bxf3 8. Bxf3 e6 9. 0-0 Be7 10. b3 0-0 11. Bb2 Qc7 12. g3 Rad8 13. Qe2 Bc5 14. Bg2 Qxg3 15. b4 Bb6 16. Nc4 Qb8 17. Nxb6 axb6 18. Kh1 e5 19. Rg1 Kh8 20. c4 Ng8 21. Rad1 Ne7 22. Qg4 Nf6 23. Qg5 Rxd1 24. Rxd1 Ng6 25. f4 h6 26. Qf5 Re8 27. fxe5 Nxe5 28. c5 bxc5 29. bxc5 Re6 30. Rd6 Nc4 31. e5 Nxd6 32. cxd6 Nd7 33. Be4 Qg8 34. Bc2 Nf8 35. Bb3 Qh7 36. Bxe6 Nxe6 37. Qxh7+ Kxh7 38. d7 c5 39. Bc3 b6 40. a4 1-0

[Event "BCF-chT2a 1213 (4NCL)"]
[Site "England"]
[Date "2013.03.23"]
[Round "7.18"]
[White "Ehr, Jennifer"]
[Black "Reid, Vanessa"]
[Result "1/2-1/2"]
[WhiteElo "1595"]
[BlackElo "1844"]
[PlyCount "64"]
[EventDate "2012.11.03"]
[EventType "team-tourn"]
[EventRounds "7"]
[EventCountry "ENG"]
[SourceTitle "EXT 2014"]
[Source "ChessBase"]
[SourceDate "2013.11.20"]
[SourceVersion "1"]
[SourceVersionDate "2013.11.20"]
[SourceQuality "1"]
[WhiteTeam "Oxford"]
[BlackTeam "Wessex"]
[WhiteTeamCountry "ENG"]
[BlackTeamCountry "ENG"]

1. e4 e6 2. d4 d5 3. Nd2 Nf6 4. e5 Nfd7 5. Ndf3 c5 6. c3 Nc6 7. Bd3 Nb6 8. Ne2 Bd7 9. a3 c4 10. Bc2 a5 11. a4 Be7 12. 0-0 h6 13. Ne1 Qc7 14. f4 0-0-0 15. b3 cxb3 16. Bxb3 f5 17. Nf3 Rdg8 18. Qd3 g5 19. Bd2 Kd8 20. Rfc1 Ke8 21. c4 dxc4 22. Bxc4 Nxc4 23. Qxc4 Qb6 24. Kf1 g4 25. Ne1 Bb4 26. Rcb1 Qa7 27. Bxb4 Nxb4 28. Nd3 Nd5 29. Kf2 Kf7 30. Nc5 b6 31. Nxd7 Qxd7 32. Qb3 Rc8 1/2-1/2

[Event "Gibraltar Masters 11th"]
[Site "Caleta"]
[Date "2013.01.25"]
[Round "4"]
[White "Reid, Vanessa"]
[Black "Grigoryan, Meri"]
[Result "0-1"]
[WhiteElo "1844"]
[BlackElo "2025"]
[PlyCount "74"]
[EventDate "2013.01.22"]
[EventType "swiss"]
[EventRounds "10"]
[EventCountry "GGB"]
[SourceTitle "CBM 153"]
[Source "ChessBase"]
[SourceDate "2013.03.14"]
[SourceVersion "1"]
[SourceVersionDate "2013.03.14"]
[SourceQuality "1"]

1. d4 d5 2. c4 e5 3. dxe5 d4 4. Nf3 Nc6 5. g3 Nge7 6. Bg2 Ng6 7. 0-0 Ngxe5 8. b3 Bc5 9. Bb2 Nxf3+ 10. exf3 0-0 11. Nd2 d3 12. Rb1 Bd4 13. Ba3 Re8 14. Ne4 Ne5 15. h3 Bf5 16. Kh2 Nxf3+ 17. Bxf3 Bxe4 18. Bxe4 Rxe4 19. Qxd3 Qe8 20. Rbd1 c5 21. Qb1 Re2 22. Rde1 Bxf2 23. Rxe2 Qxe2 24. Qd1 Qe3 25. Qg4 Re8 26. Kg2 h5 27. Qf4 Qxf4 28. gxf4 Bd4 29. Bc1 Re2+ 30. Kf3 Rxa2 31. Re1 Rf2+ 32. Ke4 Rh2 33. Be3 Rxh3 34. Bxd4 cxd4 35. Rb1 d3 36. b4 d2 37. c5 Rb3 0-1

[Event "BCF-chT2a 1213 (4NCL)"]
[Site "England"]
[Date "2013.01.12"]
[Round "3.38"]
[White "Redman, David J"]
[Black "Reid, Vanessa"]
[Result "1/2-1/2"]
[WhiteElo "1818"]
[BlackElo "1844"]
[PlyCount "74"]
[EventDate "2012.11.03"]
[EventType "team-tourn"]
[EventRounds "7"]
[EventCountry "ENG"]
[SourceTitle "EXT 2014"]
[Source "ChessBase"]
[SourceDate "2013.11.20"]
[SourceVersion "1"]
[SourceVersionDate "2013.11.20"]
[SourceQuality "1"]
[WhiteTeam "Poisoned Pawns"]
[BlackTeam "Wessex"]
[WhiteTeamCountry "ENG"]
[BlackTeamCountry "ENG"]

1. d4 d5 2. c4 c6 3. Nf3 Nf6 4. Nc3 a6 5. Bf4 b5 6. c5 Bf5 7. b4 Nbd7 8. h3 e6 9. g4 Bg6 10. Bg2 Ne4 11. Qc1 Be7 12. 0-0 0-0 13. Ne5 Nxc3 14. Qxc3 Nxe5 15. Bxe5 Qd7 16. f3 Rfe8 17. e4 Rad8 18. Rad1 f6 19. Bg3 Bf7 20. Qc2 Qc8 21. f4 Bf8 22. Bh4 Rd7 23. e5 fxe5 24. dxe5 g6 25. Bg3 Ra7 26. f5 gxf5 27. gxf5 exf5 28. Qxf5 Be6 29. Qh5 Rg7 30. Kh2 Bf7 31. Qf3 Re6 32. Bh4 Be7 33. Bxe7 Rxe7 34. Rd4 Rxe5 35. Rg4 Bg6 36. Qg3 Re8 37. Rf6 Rf8 1/2-1/2

[Event "BCF-chT2a 1213 (4NCL)"]
[Site "England"]
[Date "2012.11.03"]
[Round "1.48"]
[White "Gregory, Stephen J"]
[Black "Reid, Vanessa"]
[Result "1/2-1/2"]
[WhiteElo "2086"]
[BlackElo "1844"]
[PlyCount "80"]
[EventDate "2012.11.03"]
[EventType "team-tourn"]
[EventRounds "7"]
[EventCountry "ENG"]
[SourceTitle "EXT 2014"]
[Source "ChessBase"]
[SourceDate "2013.11.20"]
[SourceVersion "1"]
[SourceVersionDate "2013.11.20"]
[SourceQuality "1"]
[WhiteTeam "Anglian Avengers"]
[BlackTeam "Wessex"]
[WhiteTeamCountry "ENG"]
[BlackTeamCountry "ENG"]

1. e4 d5 2. exd5 Qxd5 3. Nc3 Qd8 4. d4 Nf6 5. Be3 Bg4 6. Be2 Bxe2 7. Qxe2 c6 8. Nf3 e6 9. 0-0 Bd6 10. Rad1 0-0 11. Bg5 Nbd7 12. Ne5 Be7 13. Rfe1 Nd5 14. Bd2 N7f6 15. a3 Qb6 16. Nxd5 cxd5 17. Bc1 Rac8 18. g4 Qc7 19. c3 Nd7 20. f4 Nf6 21. Rd3 Ne4 22. Rh3 Bd6 23. Nd3 f6 24. Nf2 Nxf2 25. Qxf2 Rce8 26. Qg2 Qf7 27. Rf3 Qd7 28. Rf2 Bc7 29. Rfe2 Re7 30. Kh1 Rfe8 31. g5 fxg5 32. fxg5 e5 33. dxe5 Rxe5 34. Rxe5 Rxe5 35. Rxe5 Bxe5 36. Qe2 Bc7 37. Be3 Qe7 38. Qf2 Qe4+ 39. Kg1 Qg4+ 40. Kf1 Qd1+ 1/2-1/2

[Event "BCF-chT2d 1112 (4NCL)"]
[Site "England"]
[Date "2012.04.01"]
[Round "8.48"]
[White "Adebajo, Olufemi"]
[Black "Reid, Vanessa"]
[Result "0-1"]
[WhiteElo "1940"]
[BlackElo "1837"]
[PlyCount "138"]
[EventDate "2011.11.12"]
[EventType "team-swiss"]
[EventRounds "11"]
[EventCountry "ENG"]
[SourceTitle "EXT 2013"]
[Source "ChessBase"]
[SourceDate "2012.11.22"]
[SourceVersion "1"]
[SourceVersionDate "2012.11.22"]
[SourceQuality "1"]
[WhiteTeam "FCA Solutions"]
[BlackTeam "Rhyfelwyr Essyllwg"]
[WhiteTeamCountry "ENG"]
[BlackTeamCountry "ENG"]

1. e4 c6 2. d4 d5 3. e5 Bf5 4. Ne2 e6 5. Ng3 Bg6 6. h4 h6 7. h5 Bh7 8. Bd3 Bxd3 9. cxd3 Qb6 10. Be3 Nd7 11. 0-0 Rc8 12. Nd2 Qa6 13. Nb3 c5 14. Nxc5 Bxc5 15. dxc5 Nxe5 16. Bd4 Nxd3 17. Bxg7 Rh7 18. Bd4 Qc4 19. Qg4 Ne7 20. b3 Qb4 21. a3 Qxb3 22. Rab1 Qa4 23. Rxb7 f5 24. Rxe7+ Rxe7 25. Qg6+ Kd7 26. Bf6 Qg4 27. Qxh6 Rf7 28. Qd2 Nxf2 29. Be5 Ne4 30. Qb4 Ke8 31. Qb5+ Kf8 32. Nxe4 Qxe4 33. Bd6+ Kg8 34. Qb2 Qe3+ 35. Kh2 Rh7 36. Rf3 Rxh5+ 37. Rh3 Rxh3+ 38. gxh3 f4 39. Qg2+ Kf7 40. Qg4 Qf2+ 41. Kh1 Qe1+ 42. Kh2 Qd2+ 43. Kh1 Qe1+ 44. Kh2 Qg3+ 45. Qxg3 fxg3+ 46. Kxg3 Kf6 47. Kf4 Kf7 48. h4 Rh8 49. Kg5 Rg8+ 50. Kf4 Rh8 51. Kg5 d4 52. h5 d3 53. Bf4 e5 54. Bd2 Rc8 55. Kf5 Rxc5 56. Ke4 a6 57. h6 Kg6 58. Kxd3 Rd5+ 59. Kc3 Rxd2 60. Kxd2 Kxh6 61. a4 Kg5 62. Ke3 a5 63. Ke4 Kf6 64. Ke3 Ke6 65. Ke4 Kd6 66. Ke3 Kd5 67. Kd3 Kc5 68. Ke4 Kb4 69. Kxe5 Kxa4 0-1

[Event "High Wycombe e2e4 op 03"]
[Site "High Wycombe"]
[Date "2012.03.18"]
[Round "5"]
[White "Haria, Ravi"]
[Black "Reid, Vanessa"]
[Result "1-0"]
[WhiteElo "2060"]
[BlackElo "1837"]
[PlyCount "47"]
[EventDate "2012.03.16"]
[EventType "swiss"]
[EventRounds "5"]
[EventCountry "ENG"]
[SourceTitle "CBM 147 Extra"]
[Source "ChessBase"]
[SourceDate "2012.04.24"]
[SourceVersion "1"]
[SourceVersionDate "2012.04.24"]
[SourceQuality "1"]

1. e4 d6 2. d4 Nf6 3. Nc3 e5 4. Nf3 exd4 5. Nxd4 Be7 6. Be2 0-0 7. 0-0 Nbd7 8. Be3 Nc5 9. f3 Re8 10. b4 Ne6 11. Nf5 h6 12. Qe1 Nf8 13. Qg3 Ng6 14. Bc4 d5 15. Nxe7+ Nxe7 16. Rad1 c6 17. Qf2 Qc7 18. Bb3 b6 19. Bd4 Qf4 20. g3 Qg5 21. b5 Bh3 22. Rfe1 dxe4 23. Bxf6 Qxf6 24. Nxe4 1-0

[Event "BCF-chT2b 1112 (4NCL)"]
[Site "England"]
[Date "2012.01.15"]
[Round "4.8"]
[White "York Andersen, Anna"]
[Black "Reid, Vanessa"]
[Result "0-1"]
[WhiteElo "1755"]
[BlackElo "1837"]
[PlyCount "96"]
[EventDate "2011.11.12"]
[EventType "team-match"]
[EventRounds "7"]
[EventCountry "ENG"]
[SourceTitle "EXT 2013"]
[Source "ChessBase"]
[SourceDate "2012.11.22"]
[SourceVersion "1"]
[SourceVersionDate "2012.11.22"]
[SourceQuality "1"]
[WhiteTeam "Sambuca Sharks"]
[BlackTeam "Rhyfelwyr Essyllwg"]
[WhiteTeamCountry "ENG"]
[BlackTeamCountry "ENG"]

1. e4 e6 2. d4 d5 3. Nd2 Nf6 4. e5 Nfd7 5. Bd3 c5 6. c3 Nc6 7. Ne2 cxd4 8. cxd4 f6 9. exf6 Qxf6 10. Nf3 h6 11. 0-0 Bd6 12. Be3 0-0 13. Rc1 Rd8 14. Bb1 Nf8 15. Qd3 Bd7 16. Ng3 Be8 17. a3 Bg6 18. Qb5 Bxb1 19. Rxb1 Rab8 20. Qd3 Qf7 21. Qd2 Ng6 22. Ne2 Nce7 23. Rfe1 Re8 24. Rbd1 Rbc8 25. Rc1 Rxc1 26. Qxc1 Rc8 27. Qd1 Nf5 28. Bd2 Rf8 29. Rf1 Qf6 30. Qa4 a6 31. Bb4 Bxb4 32. Qxb4 Ngh4 33. Nxh4 Qxh4 34. Qxb7 Nxd4 35. Ng3 Qg5 36. Qb6 Qe5 37. Qxa6 h5 38. Rd1 h4 39. Qd3 hxg3 40. Qxd4 gxf2+ 41. Kf1 Qxh2 42. Ke2 Rf4 43. Qd3 Qh5+ 44. Kd2 Qxd1+ 45. Kxd1 f1Q+ 46. Qxf1 Rxf1+ 47. Ke2 Ra1 48. Kd3 e5 0-1

[Event "EU-Cup 27th"]
[Site "Rogaska Slatina"]
[Date "2011.09.26"]
[Round "2"]
[White "Reid, Vanessa"]
[Black "Merx, Bob"]
[Result "0-1"]
[WhiteElo "1832"]
[BlackElo "2093"]
[PlyCount "30"]
[EventDate "2011.09.25"]
[EventType "team-swiss"]
[EventRounds "7"]
[EventCountry "SLO"]
[SourceTitle "CBM 145"]
[Source "ChessBase"]
[SourceDate "2011.11.11"]
[SourceVersion "1"]
[SourceVersionDate "2011.11.11"]
[SourceQuality "1"]
[WhiteTeam "Nidum"]
[BlackTeam "Voerendaal"]
[WhiteTeamCountry "WLS"]
[BlackTeamCountry "NED"]

1. d4 Nf6 2. c4 e6 3. Nc3 Bb4 4. Qb3 c5 5. dxc5 Nc6 6. Nf3 Ne4 7. Bd2 Nxd2 8. Nxd2 Bxc5 9. e3 0-0 10. Be2 f5 11. 0-0 Qb6 12. a3 Qc7 13. Na4 Bd6 14. Rad1 Na5 15. Qa2 Bxh2+ 0-1

[Event "Gibraltar Masters 9th"]
[Site "Caleta"]
[Date "2011.01.31"]
[Round "7"]
[White "Lundback, Karl"]
[Black "Reid, Vanessa"]
[Result "1/2-1/2"]
[WhiteElo "1969"]
[BlackElo "1841"]
[PlyCount "120"]
[EventDate "2011.01.25"]
[EventType "swiss"]
[EventRounds "10"]
[EventCountry "GGB"]
[SourceTitle "CBM 141"]
[Source "ChessBase"]
[SourceDate "2011.03.17"]
[SourceVersion "1"]
[SourceVersionDate "2011.03.17"]
[SourceQuality "1"]

1. e4 c6 2. d3 d5 3. Nd2 dxe4 4. dxe4 Nf6 5. Ngf3 Bg4 6. Be2 Nbd7 7. 0-0 e5 8. c3 Bc5 9. Qc2 Bh5 10. b4 Bb6 11. Bb2 a5 12. Nc4 0-0 13. bxa5 Bxa5 14. Nfxe5 Bxe2 15. Qxe2 Nxe5 16. Nxe5 Qb6 17. Qc2 Rfe8 18. Nc4 Qc5 19. Nd2 Bb6 20. c4 Ng4 21. Nb3 Qd6 22. g3 Qh6 23. h4 Qe6 24. c5 Bc7 25. Bd4 Rad8 26. Rfe1 Be5 27. Bxe5 Nxe5 28. Kg2 Qg4 29. Re3 Re6 30. f4 Ng6 31. Kf1 Rf6 32. Qe2 Qh3+ 33. Ke1 Ne5 34. Qf1 Nd3+ 35. Rxd3 Qxf1+ 36. Kxf1 Rxd3 37. Kf2 Re6 38. Re1 f6 39. Re2 Rc3 40. h5 Rc4 41. Kf3 Re8 42. g4 Rd8 43. g5 Rd3+ 44. Kg4 Rcc3 45. gxf6 gxf6 46. e5 fxe5 47. Rxe5 Rg3+ 48. Kf5 Rce3 49. Na5 Rxe5+ 50. Kxe5 Rg7 51. a4 Re7+ 52. Kd6 Kf7 53. f5 Kf6 54. Nxb7 Rxb7 55. Kxc6 Ra7 56. Kb5 Kxf5 57. a5 Ke6 58. Kb6 Rf7 59. a6 Kd5 60. c6 Kd6 1/2-1/2

[Event "Gibraltar Masters 9th"]
[Site "Caleta"]
[Date "2011.01.28"]
[Round "4"]
[White "Spanton, Timothy"]
[Black "Reid, Vanessa"]
[Result "1-0"]
[WhiteElo "2007"]
[BlackElo "1841"]
[PlyCount "67"]
[EventDate "2011.01.25"]
[EventType "swiss"]
[EventRounds "10"]
[EventCountry "GGB"]
[SourceTitle "CBM 141"]
[Source "ChessBase"]
[SourceDate "2011.03.17"]
[SourceVersion "1"]
[SourceVersionDate "2011.03.17"]
[SourceQuality "1"]

1. e4 e6 2. d3 d5 3. Nd2 Nf6 4. Ngf3 c5 5. g3 Nc6 6. Bg2 Be7 7. 0-0 0-0 8. Re1 b6 9. e5 Nd7 10. Nf1 f6 11. exf6 Bxf6 12. Rxe6 Nde5 13. Rxc6 Nxc6 14. Ne3 Bb7 15. c3 Qd7 16. d4 cxd4 17. cxd4 Ne7 18. Ne5 Qc7 19. N3g4 Bxe5 20. Nxe5 Nc6 21. Bxd5+ Kh8 22. Bf4 Nxe5 23. Bxe5 Qd7 24. Bxb7 Qxb7 25. Qg4 Rf7 26. Rd1 Raf8 27. d5 h6 28. f4 Rc8 29. Bc3 Rd8 30. Qe6 Rfd7 31. Qxh6+ Kg8 32. Qe6+ Kh7 33. d6 Qc6 34. Rd5 1-0

[Event "Olympiad Women-39"]
[Site "Khanty-Mansiysk"]
[Date "2010.09.23"]
[Round "3.18"]
[White "Aliaga Fernandez, Ingrid Yadira"]
[Black "Reid, Vanessa"]
[Result "1-0"]
[WhiteElo "2134"]
[BlackElo "1839"]
[PlyCount "47"]
[EventDate "2010.09.21"]
[EventType "team-swiss"]
[EventRounds "11"]
[EventCountry "RUS"]
[SourceTitle "CBM 139"]
[Source "ChessBase"]
[SourceDate "2010.11.18"]
[SourceVersion "1"]
[SourceVersionDate "2010.11.18"]
[SourceQuality "1"]
[WhiteTeam "Peru (W)"]
[BlackTeam "Australia (W)"]
[WhiteTeamCountry "PER"]
[BlackTeamCountry "AUS"]

1. e4 e6 2. d4 d5 3. Nc3 Bb4 4. e5 b6 5. f4 Ne7 6. Nf3 Ba6 7. Bxa6 Nxa6 8. 0-0 Nf5 9. Ne2 c6 10. Rf2 Be7 11. Qd3 Nc7 12. g4 Nh4 13. f5 exf5 14. gxf5 Qd7 15. Ng5 f6 16. e6 Qc8 17. Nf7 Rg8 18. Ng3 g5 19. Nh6 Rg7 20. Nh5 Bf8 21. Nxf6+ Kd8 22. Nf7+ Ke7 23. Nh5 Rg8 24. Bxg5+ 1-0

[Event "Oceania zt (Women)"]
[Site "Gold Coast"]
[Date "2009.06.23"]
[Round "5"]
[White "Reid, Vanessa"]
[Black "Guo, Emma"]
[Result "0-1"]
[WhiteElo "1837"]
[BlackElo "1845"]
[PlyCount "136"]
[EventDate "2009.06.20"]
[EventType "swiss"]
[EventRounds "9"]
[EventCountry "AUS"]
[SourceTitle "CBM 131 Extra"]
[Source "ChessBase"]
[SourceDate "2009.09.03"]
[SourceVersion "2"]
[SourceVersionDate "2009.09.16"]
[SourceQuality "1"]

1. Nf3 Nf6 2. d4 c5 3. d5 d6 4. g3 g6 5. Bg2 Bg7 6. 0-0 0-0 7. a4 Nbd7 8. Re1 Qb6 9. c3 Qa6 10. e4 Rb8 11. Bd2 Qb6 12. Na3 a6 13. Rb1 Qc7 14. Qe2 Nb6 15. b3 Re8 16. Qd3 Bd7 17. Red1 c4 18. bxc4 Nxa4 19. Qe2 Qc5 20. Rb3 Qa5 21. Nc2 Nxe4 22. Ncd4 Nac5 23. Rb4 Nxd2 24. Qxd2 Qc7 25. Ne1 a5 26. Rbb1 Na4 27. Bf1 b5 28. Nxb5 Bxb5 29. Rxb5 Nxc3 30. Rxb8 Rxb8 31. Rc1 Ne4 32. Qe2 Nc5 33. Nd3 Bf6 34. Nxc5 Qxc5 35. Rc2 a4 36. Ra2 Qb4 37. Kg2 a3 38. Qe3 Ra8 39. Be2 Qa4 40. Qd3 Bb2 41. Bd1 Qb4 42. Bg4 Rb8 43. Bd1 Rb7 44. h4 Ra7 45. Qe3 Qxc4 46. Qxa7 Qxd5+ 47. Kh2 Qxa2 48. Qxe7 Qe6 49. Qb7 Qf6 50. Bf3 Kg7 51. Qa8 Qxf3 52. Qxf3 a2 53. Qd5 a1Q 54. Qxd6 Bd4 55. Qf4 Qb2 56. Kg2 Bxf2 57. Qxf2 Qxf2+ 58. Kxf2 Kf6 59. Kf3 Ke5 60. Kg4 h6 61. Kf3 f5 62. g4 f4 63. h5 gxh5 64. gxh5 Kf5 65. Kf2 Kg4 66. Kg2 Kxh5 67. Kf3 Kg5 68. Kg2 Kg4 0-1

[Event "Wch U16 Girls"]
[Site "Belfort"]
[Date "2005.07.23"]
[Round "5"]
[White "Gomes, Mary Ann"]
[Black "Reid, Vanessa"]
[Result "1-0"]
[WhiteElo "2265"]
[BlackElo "1599"]
[PlyCount "75"]
[EventDate "2005.07.19"]
[EventType "swiss"]
[EventRounds "11"]
[EventCountry "FRA"]
[SourceTitle "CBM 107 Extra"]
[Source "ChessBase"]
[SourceDate "2005.09.01"]
[SourceVersion "1"]
[SourceVersionDate "2005.09.01"]
[SourceQuality "1"]

1. Nf3 d5 2. c4 c6 3. g3 e6 4. Bg2 Nf6 5. 0-0 Bd6 6. d4 0-0 7. Nc3 Nbd7 8. cxd5 exd5 9. Qc2 Re8 10. Rb1 a5 11. Re1 h6 12. Bd2 Nf8 13. a3 Be6 14. Na4 Ne4 15. Rbc1 Bf5 16. Qd1 Nd7 17. Nc3 Nb6 18. Nh4 Bh7 19. Nxe4 Bxe4 20. Bxe4 Rxe4 21. Nf5 Bc7 22. f3 Re8 23. e4 Nc4 24. Rxc4 dxc4 25. Qc1 h5 26. Qxc4 Qf6 27. Kg2 b5 28. Qc5 Rab8 29. Rc1 Bb6 30. Qd6 Bxd4 31. Qxd4 Qxd4 32. Nxd4 Red8 33. Be3 g6 34. Nxc6 Rd3 35. Kf2 f5 36. e5 Rb3 37. Rc2 a4 38. Nd4 1-0